Calciatori più scudettati - Statistics

Statistiche generali
  • Questo quiz è stato fatto 443 volte
  • Il punteggio medio è 10 su 28
Statistiche sulle risposte
Titoli Giocatore Squadre % Corretto
8 Buffon Juventus
94%
6 Chiellini Juventus
89%
7 Bonucci Inter, Juventus (6)
87%
6 Del Piero Juventus
81%
7 Maldini Milan
80%
6 Barzagli Juventus
77%
6 Pirlo Milan (2), Juventus (4)
69%
6 Marchisio Juventus
58%
6 Baresi Milan
54%
7 Costacurta Milan
39%
7 Ferrara Napoli (2), Juventus (5)
36%
6 Zoff Juventus
34%
7 Scirea Juventus
30%
7 Bettega Juventus
25%
6 Lichtsteiner Juventus
23%
6 Stankovic Lazio, Inter (5)
22%
6 Cabrini Juventus
20%
6 Samuel Roma, Inter (5)
20%
6 Gentile Juventus
17%
6 Causio Juventus
12%
6 Donadoni Milan
12%
8 Furino Juventus
11%
6 Cuccureddu Juventus
5%
8 Ferrari Bologna, Inter (2), Juventus (5)
5%
8 Rosetta Pro Vercelli (2), Juventus (6)
4%
6 Ara Pro Vercelli
2%
6 Ferraris Inter (2), Torino (4)
2%
6 Binaschi Pro Vercelli
1%
Nessun quiz corrispondente trovato
Distribuzione punteggi
Percentuale di utenti per punteggio
Percentile per numero di risposta
I tuoi punteggi nel tempo
Non hai fatto questo quiz